La Novela Picaresca (Record no. 244282)
[ view plain ]
| 000 -LEADER | |
|---|---|
| fixed length control field | 00982cam a22002533a 4500 |
| 001 - CONTROL NUMBER | |
| control field | 15027 |
| 003 - CONTROL NUMBER IDENTIFIER | |
| control field | PGUSA |
| 005 - DATE AND TIME OF LATEST TRANSACTION | |
| control field | 20140828083325.0 |
| 008 - FIXED-LENGTH DATA ELEMENTS--GENERAL INFORMATION | |
| fixed length control field | 050212s2005||||xxu|||||s|||||000 1 eng d |
| 040 ## - CATALOGING SOURCE | |
| Original cataloging agency | PGUSA |
| Language of cataloging | eng |
| 042 ## - AUTHENTICATION CODE | |
| Authentication code | dc |
| 050 #4 - LIBRARY OF CONGRESS CALL NUMBER | |
| Classification number | PQ |
| 245 10 - TITLE STATEMENT | |
| Title | La Novela Picaresca |
| Medium | [electronic resource] |
| 260 ## - PUBLICATION, DISTRIBUTION, ETC. (IMPRINT) | |
| Name of publisher, distributor, etc | Project Gutenberg, |
| Date of publication, distribution, etc | 2005 |
| 505 0# - FORMATTED CONTENTS NOTE | |
| Formatted contents note | La vida de Lazarillo de Tormes y de sus fortunas y adversidades -- Cervantes: Rinconete y Cortadillo -- Don Francisco de Quevedo: Historia de la vida del Buscón llamado Don Pablos, ejemplo de vagamundos y espejo de tacaños -- Mateo Alemán: Guzmán de Alfarache -- Luis Vélez de Guevara: El diablo cojuelo. |
| 506 ## - RESTRICTIONS ON ACCESS NOTE | |
| Terms governing access | Public domain in the USA. |
| 516 ## - TYPE OF COMPUTER FILE OR DATA NOTE | |
| Type of computer file or data note | Electronic text |
| 653 ## - INDEX TERM--UNCONTROLLED | |
| Uncontrolled term | Spanish fiction |
| 653 ## - INDEX TERM--UNCONTROLLED | |
| Uncontrolled term | Picaresque literature, Spanish |
| 700 1# - ADDED ENTRY--PERSONAL NAME | |
| Personal name | Ruiz Morcuende, Federico, |
| Dates associated with a name | 1890- |
| 830 #0 - SERIES ADDED ENTRY--UNIFORM TITLE | |
| Uniform title | Project Gutenberg |
| Volume number/sequential designation | 15027 |
| 856 40 - ELECTRONIC LOCATION AND ACCESS | |
| Uniform Resource Identifier | <a href="http://www.gutenberg.org/ebooks/15027">http://www.gutenberg.org/ebooks/15027</a> |
| 942 ## - ADDED ENTRY ELEMENTS (KOHA) | |
| Koha item type | eBooks |
| Withdrawn status | Lost status | Damaged status | Home library | Current library | Date acquired | Total Checkouts | Date last seen | Price effective from | Koha item type |
|---|---|---|---|---|---|---|---|---|---|
| Project Gutenberg | Project Gutenberg | 08/28/2014 | 08/28/2014 | 08/28/2014 | eBooks |